Sports Quiz

Random Sports or Football Quiz

FBS Schools That Wear Orange Quiz Stats

 Plays Quiz Updated Dec 17, 2018

Support Sporcle.
Go Orange.
Score 0/16 Timer 04:00
2 Plays Today
FBS Schools that Wear Orange % Correct
Syracuse University
86.8%
Clemson University
76.7%
University of Texas
73.5%
University of Florida
73.2%
Oklahoma State University
68.4%
University of Tennessee
68.2%
Oregon State University
64%
University of Miami
62%
FBS Schools that Wear Orange % Correct
University of Illinois
61%
University of Virginia
60.6%
Boise State University
58.2%
Virginia Tech
51.5%
Auburn University
49.2%
Bowling Green State University
39.1%
UTEP
25.3%
University of Texas at San Antonio
18%

You're not logged in!

Compare scores with friends on all Sporcle quizzes.
OR
Log In

From the Vault

Over/Under: Holiday

by Hejman

There are tons of holidays, but our favorites are the ones where presents are involved.
Remove Ads.
Support Sporcle.
Get the best of Sporcle when you Go Orange. This ad-free experience offers more features, more stats, and more fun while also helping to support Sporcle. Thank you for becoming a member.

Show Comments

Extras

Top Quizzes Today


Score Distribution

Your Account Isn't Verified!

In order to create a playlist on Sporcle, you need to verify the email address you used during registration. Go to your Sporcle Settings to finish the process.

Report this User

Report this user for behavior that violates our Community Guidelines.

Details: